书目信息 |
| 题名: |
从零起步学扬琴轻松入门
|
|
| 作者: | 吴文英 编著 | |
| 分册: | ||
| 出版信息: | 上海 上海音乐学院出版社 2015 |
|
| 页数: | 148页 | |
| 开本: | 28cm | |
| 丛书名: | 从零学音乐入门丛书 | |
| 单 册: | ||
| 中图分类: | J632.516 | |
| 科图分类: | ||
| 主题词: | 扬琴--奏法 | |
| 电子资源: | ||
| ISBN: | 978-7-5566-0013-7 | |
| 000 | 01136ocm2 2200277 450 | |
| 001 | 339718 | |
| 005 | 20150608155032.12 | |
| 010 | @a978-7-5566-0013-7@dCNY39.00 | |
| 100 | @a20150407d2015 em y0chiy50 ea | |
| 101 | 0 | @achi |
| 102 | @aCN@b310000 | |
| 105 | @aag z 000yy | |
| 106 | @ar | |
| 200 | 1 | @a从零起步学扬琴轻松入门@Acong ling qi bu xue yang qin qing song ru men@f吴文英编著 |
| 205 | @a第2版 | |
| 210 | @a上海@c上海音乐学院出版社@d2015 | |
| 215 | @a148页@c图@d28cm | |
| 225 | 2 | @a从零学音乐入门丛书 |
| 330 | @a本书共分为四章: 第一章扬琴简介, 通过文字图片介绍扬琴及其相关知识。第二章扬琴的演奏方法, 包括演奏姿势、持竹方法、击弦方法。第三章扬琴的技巧训练, 以手把手教、动作示范、反复练习为主要手段, 并配以孩子们熟悉的歌曲作练习曲。第四章乐曲部分, 是进一步提高演奏技巧的综合练习, 又是对一首乐曲的内涵, 即如何理解、如何表现进行最基本的讲解、示范和练习。 | |
| 410 | 0 | @12001 @a从零学音乐入门丛书 |
| 516 | 1 | @a从零起步学扬琴@Acong ling qi bu xue yang qin |
| 606 | 0 | @a扬琴@x奏法 |
| 690 | @aJ632.516@v5 | |
| 701 | 0 | @a吴文英@Awu wen ying@4编著 |
| 801 | 0 | @aCN@b卓展宏图@c20150525 |
| 905 | @dJ632.516@e86=2@f4 | |
| 从零起步学扬琴轻松入门/吴文英编著.-第2版.-上海:上海音乐学院出版社,2015 |
| 148页:图;28cm.-(从零学音乐入门丛书) |
| ISBN 978-7-5566-0013-7:CNY39.00 |
| 本书共分为四章: 第一章扬琴简介, 通过文字图片介绍扬琴及其相关知识。第二章扬琴的演奏方法, 包括演奏姿势、持竹方法、击弦方法。第三章扬琴的技巧训练, 以手把手教、动作示范、反复练习为主要手段, 并配以孩子们熟悉的歌曲作练习曲。第四章乐曲部分, 是进一步提高演奏技巧的综合练习, 又是对一首乐曲的内涵, 即如何理解、如何表现进行最基本的讲解、示范和练习。 |
| ● |
| 相关链接 |
|
|
|
|
正题名:从零起步学扬琴轻松入门
索取号:J632.516/86=2
 
预约/预借
| 序号 | 登录号 | 条形码 | 馆藏地/架位号 | 状态 | 备注 |
| 1 | 863775 | 208637750 | 第一样本阅览室/ [索取号:J632.516/86=2] | 在馆 | |
| 2 | 863776 | 208637769 | 第一借阅区/ [索取号:J632.516/86=2] | 在馆 | |
| 3 | 863777 | 208637778 | 第一借阅区/ [索取号:J632.516/86=2] | 在馆 | |
| 4 | 863778 | 208637787 | 密集书库-音乐系/ [索取号:J632.516/86=2] | 在馆 |